| 000 | 00512nam a2200169 a 4500 | ||
|---|---|---|---|
| 001 | 0869 | ||
| 005 | 20140414131854.0 | ||
| 008 | 041001s19uu xx 00 eng d | ||
| 020 | _a0-590-18945-X | ||
| 050 |
_aTR 808.85 _bM36 1988 |
||
| 100 | _aPugliano-Martin, Carol | ||
| 245 |
_a25 just-right plays for emergent readers / _cby Carol Pugliano-Martin. |
||
| 260 |
_aNew York : _bScholastic Professional Books, _c1988. |
||
| 300 | _a64 p. : ill. ; cm. | ||
| 650 |
_aPlay _xJuvenile literature |
||
| 999 |
_c110371 _d110371 |
||